Làm chủ giọng nói trong đầu Hãy giành thắng lợi với cuộc chiến trong đầu bạn

Na minha lista:
Detalhes bibliográficos
Autor principal: Singer, Blair
Outros Autores: Trần Lê ((dịch))
Formato: Livro
Publicado em: Tp. Hồ Chí Minh Trẻ 2018
Assuntos:
Tags: Adicionar Tag
Sem tags, seja o primeiro a adicionar uma tag!
Thư viện lưu trữ: Trung tâm Học liệu Lê Vũ Hùng, Trường Đại học Đồng Tháp
LEADER 00892pam a22002538a 4500
001 00042977
005 20181031091032.0
008 161121s2013 ||||||Viesd
020 # # |c 75000  |a 978 604 1 00373 6 
041 0 # |a Vie 
082 1 4 |a 158.1  |b L104CH 
100 1 # |a Singer, Blair 
245 0 0 |a Làm chủ giọng nói trong đầu  |c Blair Singer; Trần Lê (dịch)  |b Hãy giành thắng lợi với cuộc chiến trong đầu bạn 
246 0 1 |a Little voice mastery 
260 # # |a Tp. Hồ Chí Minh  |b Trẻ  |c 2018 
300 # # |a 252 tr.  |c 21 cm 
653 # # |a Thành công 
653 # # |a Tự nhận thức 
653 # # |a Tự tin 
653 # # |a Tự đánh giá bản thân 
700 1 # |a Trần Lê  |e (dịch) 
852 # # |j KD.0024887 
910 0 # |d 31/10/2018 
980 # # |a Trung tâm Học liệu Lê Vũ Hùng, Trường Đại học Đồng Tháp